000 00710nam a2200241Ia 4500
003 OSt
005 20220925204852.0
006 a|||||r|||| 00| 0
007 ta
008 220923b |||||||| |||| 00| 0 eng d
020 _a90 247 9050 6
037 _cGeneral Book
040 _aRTL
_cRTL
_beng
041 _2eng
_aeng
082 _aX:54.59620k4.L4.k20, J8/TD3
100 _aGlamann Krist of
_9269147
245 0 _aDutch-Asiatic trade. 1620-1740
260 _aHague
_bMartinus Nijhoff
_c1958
300 _axix, 334p.
_ccm.
500 _aBibliography: p 324-28
942 _hX:54.59620k4.L4.k20, J8/TD3
_cGB
_2CC
999 _c550608
_d550608